| 000 | 00358nam a2200157Ia 4500 | ||
|---|---|---|---|
| 003 | OSt | ||
| 005 | 20240208112540.0 | ||
| 008 | 170524s9999 xx 000 0 und d | ||
| 020 | _a8182092450 | ||
| 040 | _cIIMT UNIVERSITY | ||
| 100 | _aLEON- ALEXIS | ||
| 245 | 0 | _aFundamental of Information Technology | |
| 260 | _bUBS | ||
| 260 | _c1999 | ||
| 942 |
_2ddc _c02 |
||
| 999 |
_c6181 _d6181 |
||